UM Logo

Generalist social work practice / (Record no. 18639)

MARC details
000 -LEADER
fixed length control field 00544nam a22001697a 4500
008 - FIXED-LENGTH DATA ELEMENTS--GENERAL INFORMATION
fixed length control field 231219b ||||| |||| 00| 0 eng d
020 ## - INTERNATIONAL STANDARD BOOK NUMBER
International Standard Book Number 9781071831397
082 ## - DEWEY DECIMAL CLASSIFICATION NUMBER
Edition number 2023
Classification number DC 361.32
Item number G212
100 ## - MAIN ENTRY--PERSONAL NAME
Personal name Gasker, Janice.
9 (RLIN) 46896
245 ## - TITLE STATEMENT
Title Generalist social work practice /
Statement of responsibility, etc. Janice Gasker
250 ## - EDITION STATEMENT
Edition statement Second edition.
260 ## - PUBLICATION, DISTRIBUTION, ETC. (IMPRINT)
Place of publication, distribution, etc. California :
Name of publisher, distributor, etc. Sage publications,
Date of publication, distribution, etc. ©2023.
300 ## - PHYSICAL DESCRIPTION
Extent xxiv, 589 pages :
Other physical details color illustrations ;
Dimensions 25 cm.
500 ## - GENERAL NOTE
General note Includes references and index.
650 ## - SUBJECT ADDED ENTRY--TOPICAL TERM
Topical term or geographic name as entry element Social work.
9 (RLIN) 28071
942 ## - ADDED ENTRY ELEMENTS (KOHA)
Source of classification or shelving scheme Dewey Decimal Classification
Koha item type Circulation
Holdings
Withdrawn status Lost status Source of classification or shelving scheme Damaged status Not for loan Collection code Home library Current library Date acquired Source of acquisition Cost, normal purchase price Total Checkouts Full call number Barcode Date last seen Copy number Price effective from Koha item type Shelving location Date last checked out
    Dewey Decimal Classification     Circulation UM Digos College - LIC UM Digos College - LIC 08/08/2023 Purchased 9720.00   DC 361.32 G212 2023 27644 05/15/2025 1 12/19/2023 Circulation    
    Dewey Decimal Classification     Circulation UM Digos College - LIC UM Digos College - LIC 08/20/2024 Purchased 13950.00 2 DC 361.32 G212 2023 28193 08/26/2025 2 10/02/2024 Circulation Book Cart 08/15/2025